Justi vindicii relatio de disputatione quam habuit in Valentinae Academiae sacello Gregorius Majansius generosus, et antecessor valentinus

Detalles Bibliográficos
Autor principal: Mayáns y Siscar, Gregorio 1699-1781
Formato: Libro
Lenguaje:Latin
Publicado: Cosmopoli 1725
Materias:
Colección:Banco de datos
Acervo:Biblioteca Pública Central del Estado de Durango. Lic. José Ignacio Gallegos Caballero. Colección José Fernando Ramírez
Descripción Física:[4] h., 21 p. 8°
Tema general:Derecho civil
Notas:Portada con pleca y empresa tipográfica del impresor en grabado xilográfico. Encuadernación en pergamino. Ex libris manuscrito en la guarda posterior: "Soy de Antonio Salmnoni"
LEADER 00845nam a22001810004500
035 |a 877 
041 0 |a lat 
100 1 |a Mayáns y Siscar, Gregorio  |d 1699-1781 
245 1 0 |a Justi vindicii relatio de disputatione quam habuit in Valentinae Academiae sacello Gregorius Majansius generosus, et antecessor valentinus 
260 |a Cosmopoli  |b apud liberalem Evangelium  |c 1725 
300 |a [4] h., 21 p.  |c 8° 
500 |a Portada con pleca y empresa tipográfica del impresor en grabado xilográfico. Encuadernación en pergamino. Ex libris manuscrito en la guarda posterior: "Soy de Antonio Salmnoni"  
501 |a 1 obra 
650 1 0 |a Derecho civil 
949 |a CR. 1693-B 
942 |c DURANRAM 
943 |g Biblioteca Pública Central del Estado de Durango. Lic. José Ignacio Gallegos Caballero. Colección José Fernando Ramírez 
999 |c 1077807  |d 1077807